Las clases sociales

Guardat en:
Dades bibliogràfiques
Autor principal: Halbwachs, Maurice (Autor)
Format: Llibre
Idioma:espanyol
Publicat: Ciudad de México Fondo de Cultura Económica 1950
Edició:2a. ed
Col·lecció:Breviarios del Fondo de Cultura Económica, 32
Matèries:
Etiquetes: Afegir etiqueta
Sense etiquetes, Sigues el primer a etiquetar aquest registre!

MARC

LEADER 00000nam a2200000 a 4500
001 UCX2084
003 CL-VaPUC
008 910315e19500000MX |||||||||||||||||spa|d
082 0 4 |a 305.5  |b HAL  |2 21 
100 |a Halbwachs, Maurice  |e author  |9 380228 
245 1 4 |a Las clases sociales 
250 |a 2a. ed 
300 |a 214 p 
942 |c BK 
945 |d 19910315 00:00:00 
260 |a Ciudad de México  |b Fondo de Cultura Económica  |c 1950 
650 0 |a Clases sociales  |9 256858 
650 7 |a ESTRUCTURA SOCIAL  |2 CL-VaPUC  |9 317888 
583 |a last modification  |c 19910315 00:00:00  |k Rodrigo Vera 
490 0 |a Breviarios del Fondo de Cultura Económica, 32 
999 |c 223180  |d 223178 
952 |0 0  |1 0  |4 0  |6 305_500000000000000_HAL_1950  |7 0  |8 A  |9 218719  |a BIBHIS  |b BIBHIS  |d 2019-11-15  |i 2875179  |o 305.5 HAL 1950  |p 2875179  |r 2025-01-20  |w 2019-11-15  |y BK  |k HIS